Fallout: New Vegas Unique Weapons - Statistics

General Stats
  • This quiz has been taken 234 times
  • The average score is 19 of 41
Answer Stats
Standard Variant Location; Carried by Answer % Correct
9 mm Benny, Tops Casino or the Fort Maria
96%
5.56 mm Pistol Cliff Briscoe, Novac That Gun
84%
.375 Magnum Bison Steve Hotel Lucky
80%
.44 Magnum Lonesome Drifter, near El Dorado Gas and Service Mysterious Magnum
80%
Marksman Carbine Vault 34 All-American
75%
Varmint Rifle Broc Flower Cave Ratslayer
74%
(Stand Alone) Alien Captain (Wild Wasteland Required) Alien Blaster
69%
Battle Rifle Contreras or Carrie Boyd, Camp McCarran This Machine
61%
Hunting Shotgun Red Lucy, The Thorn Dinner Bell
60%
Laser Pistol Sunset Sarsaparilla Headquarters Pew Pew
60%
Boxing Gloves Lucky 38 Casino Golden Gloves
54%
Sawed-Off Shotgun Old Lady Gibson, Gibson's Shack Big Boomer
51%
Combat Knife Chance's Grave, near Tribal Village Chance's Knife
51%
Brass/Spiked Knuckles Viper Gang Leader, Bonnie Springs Love and Hate
50%
Missile Launcher Black Mountain Annabelle
49%
Sniper Rifle Snipers Nest Gobi Campaign Scout Rifle
48%
Cleaver Wolfhorn Ranch Chopper
46%
Grenade Rifle Nellis Array Thump-Thump
43%
Super Sledge Charleston Cave Oh, Baby!
42%
Machete Dead Sea, Nelson Liberator
41%
Fire Axe Camp Searchlight Knock-Knock
40%
Frag Grenade Camp Searchlight (Wild Wasteland Required) Holy Frag Grenade
39%
Cowboy Repeater Corporal Sterling, Camp McCarran or Fort Forlorn Hope La Longue Carabine
39%
(Stand Alone) Vault 34 Pulse Gun
37%
Grenade Machinegun Dead Wind Cavern Mercy
36%
Bladed Gauntlet Little Buster, Camp McCarran or Freeside Cram Opener
35%
Straight Razor Sergio, Freeside Figaro
35%
Plasma Rifle Repconn Headquarters Q-35 Matter Modulator
34%
9 mm SMG Wins Hideout Vance's 9 mm SMG
34%
(Stand Alone) Max, Freeside Euclids C-Finder
33%
Mini Gun The Devil's Throat CZ57 Avenger
32%
Laser Pistol Scorpion Gulch Missing Laser Pistol
30%
Displacer Glove Ruby Hill Mine Pushy
29%
Dog Tag Fist Aurelius of Phoenix, Cottonwood Cove Recompense of the Fallen
29%
Zap Glove Black Rock Cave Paladin Toaster
27%
Tesla Cannon Crashed Vertibird Site Tesla Beaton Prototype
27%
9 Iron Driver Nephi, South Vegas Ruins East Entrance Nephi's Golf Driver
25%
Gauss Rifle Mercenary Camp, (No Wild Wasteland) YCS/186
25%
Lead Pipe The North Sewers The Humble Cudgel
23%
Laser Rifle Vault 22 AER14 Prototype
22%
BB Gun Fields' Shack or Jimmy's Well Abilene Kid LE BB Gun
21%
No matching quizzes found
Score Distribution
Percent of People with Each Score
Percentile by Number Answered
Your Score History
You have not taken this quiz